University Home | Library Home | Institutional Repository

The geography of soils. (Record no. 172788)

MARC details
000 -LEADER
fixed length control field 00605cam6a220021700 4500
001 - CONTROL NUMBER
control field zam00003458
008 - FIXED-LENGTH DATA ELEMENTS--GENERAL INFORMATION
fixed length control field 951128s1976 xx eng u
035 ## - SYSTEM CONTROL NUMBER
System control number (Sirsi) r20786
035 ## - SYSTEM CONTROL NUMBER
System control number (MACHINE)SLC.
100 ## - MAIN ENTRY--PERSONAL NAME
Personal name Steila, D.
Linkage A82261.1
245 14 - TITLE STATEMENT
Title The geography of soils.
260 ## - PUBLICATION, DISTRIBUTION, ETC.
Date of publication, distribution, etc. 1976.
591 ## -
-- Class code: G 220.
591 ## -
-- Course: Intermediate physical geography.
591 ## -
-- School: S09.
591 ## -
-- Lecturer: Dr. SICHINGABULA, H.M/VAN BEE.
591 ## -
-- Number of Students: 96.
949 ## - LOCAL PROCESSING INFORMATION (OCLC)
a S591
w lcc
m MAIN
p 2500
t BOOK
l ON-SHELF
909 ## -
-- Book

No items available.

© 2026 - The University of Zambia Library - Koha v25.11